Comparecencia del presidente del Consejo de Estado de la República de Cuba, Fidel Castro Ruz, para tratar temas de actualidad nacional, el 1º de noviembre de 1999, "año de 40 anivbersario del triunfo de la revolución " /

Bibliographic Details
Main Author: Castro Ruz, Fidel 1927-
Format: Libro
Language:English
Published: Santiago, Chile Embajada de Cuba en Chile 1999
Subjects:

MARC

LEADER 00000cam a2200000 a 4500
001 023285
003 UAHC_CL
005 20170803122227.0
008 010822b xx j 000 1 eng
040 |a UAHC_CL  |c UAHC_CL  |d UAHC_CL 
082 0 4 |a 972.91 
100 1 |a Castro Ruz, Fidel  |d 1927- 
245 1 0 |a Comparecencia del presidente del Consejo de Estado de la República de Cuba, Fidel Castro Ruz, para tratar temas de actualidad nacional, el 1º de noviembre de 1999, "año de 40 anivbersario del triunfo de la revolución " /  |c Fidel Castro Ruz. 
260 |b Embajada de Cuba en Chile  |c 1999  |a Santiago, Chile 
300 |a 56 p. 
650 4 |a CASTRO RUZ, FIDEL  |d 1927- 
650 4 |a POLITICA Y GOBIERNO 
650 4 |a DISCURSOS PRESIDENCIALES  |z CUBA 
900 |a 972.91 CAS 
942 |c BK 
952 |0 0  |1 0  |4 0  |6 972_910000000000000_CAS  |7 0  |8 General  |9 46390  |a BC  |b BC  |c General  |d 2017-08-03  |l 0  |o 972.91 CAS  |p 1309718  |r 2026-01-13 00:00:00  |t 1  |w 2017-08-03  |y BK 
952 |0 0  |1 0  |4 0  |6 972_910000000000000_CAS  |7 0  |8 General  |9 46391  |a BC  |b BC  |c General  |d 2017-08-03  |l 0  |o 972.91 CAS  |p 1309719  |r 2026-01-13 00:00:00  |t 2  |w 2017-08-03  |y BK 
999 |c 23285  |d 23285